History of Mysore (Record no. 8469)

MARC details
000 -LEADER
fixed length control field 00619nam a2200241 a 4500
020 ## - INTERNATIONAL STANDARD BOOK NUMBER
ISBN
082 00 - DEWEY DECIMAL CLASSIFICATION NUMBER
Classification number 954.2058
Author Cutter MIC
100 ## - MAIN ENTRY--AUTHOR NAME
Author name Michand, Joseph Par
245 ## - TITLE STATEMENT
Title History of Mysore
Sub title Under Hyder Ali and Tipoo Sultan
260 ## - PUBLICATION, DISTRIBUTION, ETC. (IMPRINT)
Place of publication New Delhi
Name of publisher Asian Educational Services
Year of publication 1985
300 ## - PHYSICAL DESCRIPTION
Number of Pages 190p
500 ## - GENERAL NOTE
General note includes index and biblioraphy
505 2# - FORMATTED CONTENTS NOTE
Formatted contents note Appendix
650 ## - SUBJECT ADDED ENTRY--TOPICAL TERM
Topical Term Tipu Sultan
650 ## - SUBJECT ADDED ENTRY--TOPICAL TERM
Topical Term India-History Mysore
942 ## - ADDED ENTRY ELEMENTS (KOHA)
Koha item type Books
Holdings
Collection code Home library Current library Date acquired Cost, normal purchase price Full call number Accession Number Koha item type
  Henry Martyn Institute Library Henry Martyn Institute Library 04/10/2007 95.00 954.2058 MIC 012533 Books
                   Copyright © 2026 | Henry Martyn Institute | Hyderabad | TS-500052 | INDIA | Implemented by hmi.edu.in
Hit-Count:

Powered by Koha